Animaux de Sylvain et Sylvette - Statistiques

Statistiques générales
  • Ce quiz a été pris 17 fois
    16 depuis la dernière actualisation
  • Le résultat moyen est 10 sur 13
Statistiques - réponses
Noms Animaux % Correct
Coin-Coin Canard
100%
Moustachu Chat
100%
Alfred Chien
100%
Panpan Lapin
100%
Poulette Poule
100%
Raton Rat
100%
Barbichette Chèvre
93%
Cui-Cui Oiseau
93%
Sidonie Oie
79%
Gris-Gris Âne
71%
Mignonnet Mouton
50%
Chloé Tortue
43%
Olga Corneille
14%
Aucun quiz correspondant
Distribution des résultats
% des personnes avec chaque résultat
Percentile par nombre de réponses
Votre historique - résultats
Vous n’avez pas pris ce quiz depuis la dernière actualisation